• 首页
  • 本馆介绍
  • 公告通知
  • 最新文献
  • 馆藏检索
  • 电子资源
  • 读者导购
  • 参考咨询
  • 我的图书馆
  • 登录
  • 详细信息显示
  • 放入我的书架
  • 预约/预借图书
  • 作者相关作品
  • 分类相关作品
  • 丛书相关作品
  • 出版社相关作品

书目信息

  • 表格格式
  • 工作单格式
  • 卡片格式
题名:
农村简易测图法
    
 
作者: ;冶金工业部武汉勘察公司 编
分册:  
出版信息: 北京   测绘出版社  1978
页数: 107页
开本: 19cm
丛书名: 农村科学实验丛书
单 册:
中图分类: P211 , S29
科图分类:
主题词: 农业工程--工程测量 , 工程测量-农业工程 , 农业工程-工程测量 , 农业工程--土地--测量
电子资源:
ISBN:
000 00889nam2 2200301 45
001 0178000171
005 20070802101224.06
010    @dCNY0.26
091    @a15039.新84
100    @a19950803d1978 em y0chiy0121 ea
101 0  @achi
102    @aCN@b110000
105    @ay z 000yy
200 10 @a农村简易测图法@Anong cun jian yi ce tu fa@f冶金工业部武汉勘察公司编@Fye jin gong ye bu wu han kan cha gong si bian
210    @a北京@c测绘出版社@d1978
215    @a107页@d19cm
225 2  @a农村科学实验丛书
410  0 @120010@a农村科学实验丛书
606 0  @a农业工程@x工程测量
606    @a工程测量-农业工程
606    @a农业工程-工程测量
606 0  @a农业工程@x土地@x测量
610 0  @a农村@a测图法
690    @aP211@v4
690    @aS29@v3
711 02 @a冶金工业部武汉勘察公司@Aye jin gong ye bu wu han kan cha gong si@4编
801  0 @aCN@bNLC@c20070802
905    @dS29@e4
    
    农村简易测图法/冶金工业部武汉勘察公司编.-北京:测绘出版社,1978
    107页;19cm.-(农村科学实验丛书)
    
    
    ISBN :CNY0.26
    
●
相关链接 在E读中查询图书 在五车中查询图书 在当当中查询图书 在豆瓣中查询图书


正题名:农村简易测图法     索取号:S29/4         预约/预借

序号 登录号 条形码 馆藏地/架位号 状态 备注
1 0006174   001717547   密集书库/ [索取号:S29/4] 在馆    
2 0006175   001717538   密集书库/ [索取号:S29/4] 在馆    
3 0006176   001717592   密集书库/ [索取号:S29/4] 在馆    
4 0006181   202241190   密集书库/ [索取号:S29/4] 在馆    
5 0006184   202241181   密集书库/ [索取号:S29/4] 在馆    
6 0006186   202241172   密集书库/ [索取号:S29/4] 在馆    
7 0006187   202241163   密集书库/ [索取号:S29/4] 在馆    
8 0017119   202463672   密集书库/ [索取号:S29/4] 在馆    
9 0017120   202370790   密集书库/ [索取号:S29/4] 在馆    
10 0017124   202463495   第三借阅区/ [索取号:S29/4] 在馆    
11 0017127   202361461   密集书库/ [索取号:S29/4] 在馆    
12 0017129   202463486   第三借阅区/ [索取号:S29/4] 在馆    
13 0017130   202463574   第三借阅区/ [索取号:S29/4] 在馆    
14 0017131   001859910   密集书库/ [索取号:S29/4] 在馆    
15 0017139   202241154   密集书库/ [索取号:S29/4] 在馆    
16 0017143   202149647   密集书库/ [索取号:S29/4] 在馆    
17 0017144   202361318   密集书库/ [索取号:S29/4] 在馆    
18 0790624   207906248   密集书库/ [索取号:S29/4] 在馆    
19 0790628   207906284   密集书库/ [索取号:S29/4] 在馆    
20 0790631   207906319   密集书库/ [索取号:S29/4] 在馆    
21 0790633   207906337   密集书库/ [索取号:S29/4] 在馆    
22 0790637   207906373   密集书库/ [索取号:S29/4] 在馆    
23 0790872   207908727   密集书库/ [索取号:S29/4] 在馆    
24 0790873   207908736   密集书库/ [索取号:S29/4] 在馆    
唐山师范学院图书馆 欢迎您!
大连网信软件有限公司© 版权所有